000
00274nam a2200109Ia 4500
008
220204s9999 xx 000 0 und d
082
_a
613.2
_b
DUR
100
_a
Duru Jagatiani
245
0
_a
Nutritious recipes for vigorous health
260
_a
Delhi
_b
Hind
_c
1977
942
_c
BK
999
_c
31204
_d
31204